Detalles MARC
| 000 -LEADER |
| campo de control de longitud fija |
02460cam a22005174i 4500 |
| 001 - NÚMERO DE CONTROL |
| campo de control |
u27706 |
| 003 - IDENTIFICADOR DE NÚMERO DE CONTROL |
| campo de control |
PE-LiUPU |
| 005 - FECHA Y HORA DE LA ÚLTIMA TRANSACCIÓN |
| campo de control |
20250731175629.0 |
| 008 - DATOS DE LONGITUD FIJA--INFORMACIÓN GENERAL |
| campo de control de longitud fija |
150623s2001 sp a rb 000 0 spa d |
| 020 ## - NÚMERO INTERNACIONAL ESTÁNDAR DEL LIBRO |
| Número Internacional Estándar del Libro |
8433106589 |
| 035 ## - NÚMERO DE CONTROL DEL SISTEMA |
| Número de control de sistema |
(Sirsi) i9788433106582 |
| 040 ## - FUENTE DE CATALOGACIÓN |
| Centro catalogador/agencia de origen |
PE-LiUPU |
| Lengua de catalogación |
spa |
| Centro/agencia transcriptor |
PE-LiUPU |
| Normas de descripción |
rda |
| 049 ## - FONDOS LOCALES (OCLC) |
| Biblioteca depositaria |
PRUA |
| 082 04 - NÚMERO DE LA CLASIFICACIÓN DECIMAL DEWEY |
| Número de clasificación |
461.4 |
| Cutter |
M44 |
| Número de edición |
21 |
| 100 1# - ENTRADA PRINCIPAL--NOMBRE DE PERSONA |
| Nombre de persona |
Mesanza López, Jesús, |
| Término indicativo de función/relación |
autor. |
| 245 10 - MENCIÓN DEL TÍTULO |
| Título |
Cómo escribir bien : |
| Resto del título |
ortografía y temas afines / |
| Mención de responsabilidad, etc. |
Jesús Mesanza López. |
| 250 ## - MENCION DE EDICION |
| Mención de edición |
3a |
| 264 #1 - PRODUCCIÓN, PUBLICACIÓN, DISTRIBUCIÓN, FABRICACIÓN Y COPYRIGHT |
| Producción, publicación, distribución, fabricación y copyright |
Barcelona, España : |
| Nombre del de productor, editor, distribuidor, fabricante |
CISSPRAXIS, |
| Fecha de producción, publicación, distribución, fabricación o copyright |
2001. |
| 300 ## - DESCRIPCIÓN FÍSICA |
| Extensión |
250 páginas : |
| Otras características físicas |
ilustraciones, tablas, gráficos ; |
| Dimensiones |
24 centímetros. |
| 336 ## - TIPO DE CONTENIDO |
| Término de tipo de contenido |
text |
| Fuente |
rdacontent |
| 337 ## - TIPO DE MEDIO |
| Nombre/término del tipo de medio |
unmediated |
| Fuente |
rdamedia |
| 338 ## - TIPO DE SOPORTE |
| Nombre/término del tipo de soporte |
volume |
| Fuente |
rdacarrier |
| 490 0# - MENCIÓN DE SERIE |
| Mención de serie |
Monografías Escuela Española |
| 504 ## - NOTA DE BIBLIOGRAFÍA, ETC. |
| Nota de bibliografía, etc. |
Incluye bibliografía. |
| 505 0# - NOTA DE CONTENIDO CON FORMATO |
| Nota de contenido con formato |
Ortografía. Complementos ortográficos. Gramática. Curiosidad. |
| 526 ## - NOTA DE INFORMACIÓN SOBRE EL PROGRAMA DE ESTUDIO |
| Nombre del programa |
Comunicación Y Periodismo |
| 526 ## - NOTA DE INFORMACIÓN SOBRE EL PROGRAMA DE ESTUDIO |
| Nombre del programa |
Educación, Especialidad Inglés Y Español (A Distancia) |
| 526 ## - NOTA DE INFORMACIÓN SOBRE EL PROGRAMA DE ESTUDIO |
| Nombre del programa |
Educación, Especialidad Inglés Y Español |
| 526 ## - NOTA DE INFORMACIÓN SOBRE EL PROGRAMA DE ESTUDIO |
| Nombre del programa |
Teología |
| 526 ## - NOTA DE INFORMACIÓN SOBRE EL PROGRAMA DE ESTUDIO |
| Nombre del programa |
Educación secundaria, especialidad lingüística e inglés |
| 526 ## - NOTA DE INFORMACIÓN SOBRE EL PROGRAMA DE ESTUDIO |
| Nombre del programa |
Ciencias de la comunicación |
| 541 ## - NOTA DE FUENTE DE ADQUISICIÓN DIRECTA |
| -- |
001-003031; |
| 541 ## - NOTA DE FUENTE DE ADQUISICIÓN DIRECTA |
| -- |
001-0039832; |
| 541 ## - NOTA DE FUENTE DE ADQUISICIÓN DIRECTA |
| -- |
019788; |
| 596 ## - |
| -- |
1 2 |
| 650 04 - PUNTO DE ACCESO ADICIONAL DE MATERIA--TÉRMINO DE MATERIA |
| Término de materia o nombre geográfico como elemento de entrada |
Español |
| Subdivisión general |
Ortografía. |
| 910 ## - DATOS DE OPCIÓN DEL USUARIO (OCLC) |
| Datos de opción del usuario |
rlm |
| -- |
|
| -- |
rlm |
| -- |
20150922 |
| 942 ## - ELEMENTOS DE ENTRADA SECUNDARIOS (KOHA) |
| Fuente del sistema de clasificación o colocación |
Clasificación Decimal Dewey |
| Tipo de ítem Koha |
|
| 994 ## - |
| -- |
C0 |
| -- |
PEPRU |
| 949 ## - PROCESAMIENTO DE INFORMACIÓN LOCAL (OCLC) |
| a |
461.4 M44 |
| w |
DEWEY |
| c |
1 |
| i |
53071 |
| f |
2018-2-11 |
| g |
3 |
| l |
CCODEBUL1 |
| m |
BUL |
| p |
23.00 |
| r |
0 |
| s |
Y |
| t |
BOOK |
| u |
2015-6-24 |
| x |
FCE |
| z |
UNKNOWN |
| 0 |
COMPRA |
| o |
.STAFF. Colección General |
| 949 ## - PROCESAMIENTO DE INFORMACIÓN LOCAL (OCLC) |
| a |
461.4 M44 |
| w |
DEWEY |
| c |
1 |
| i |
FT02954 |
| l |
CCODEBUT1 |
| m |
BUT |
| p |
19.06 |
| r |
0 |
| s |
Y |
| t |
BOOK |
| u |
2015-9-22 |
| x |
BIBLIOTECA |
| z |
UNKNOWN |
| 0 |
COMPRA |
| o |
.STAFF. Colección General |
| 949 ## - PROCESAMIENTO DE INFORMACIÓN LOCAL (OCLC) |
| a |
461.4 M44 |
| w |
DEWEY |
| c |
2 |
| i |
72185 |
| d |
2018-5-2 |
| e |
2016-9-20 |
| f |
2018-2-12 |
| g |
3 |
| l |
CCODEBUL1 |
| m |
BUL |
| n |
4 |
| p |
28.82 |
| q |
3 |
| r |
0 |
| s |
Y |
| t |
BOOK |
| u |
2015-11-26 |
| x |
EDUCACION |
| -- |
P20 |
| 0 |
COMPRA |
| o |
.STAFF. Colección General |
| 999 ## - NÚMEROS DE CONTROL DE SISTEMA (KOHA) |
| -- |
DEWEY |
| -- |
53071 |
| -- |
2021-11-8 |
| -- |
6 |
| -- |
CCODEBUL1 |
| -- |
BUL |
| -- |
23.00 |
| -- |
0 |
| -- |
N |
| -- |
BOOK |
| -- |
2015-6-24 |
| -- |
EDUCACION |
| -- |
UNKNOWN |
| -- |
COMPRA |
| -- |
.STAFF. Colección General |
| 999 ## - NÚMEROS DE CONTROL DE SISTEMA (KOHA) |
| -- |
DEWEY |
| -- |
72185 |
| -- |
2019-6-14 |
| -- |
2021-11-8 |
| -- |
6 |
| -- |
CCODEBUL1 |
| -- |
BUL |
| -- |
5 |
| -- |
28.82 |
| -- |
5 |
| -- |
0 |
| -- |
Y |
| -- |
BOOK |
| -- |
2015-11-26 |
| -- |
EDUCACION |
| -- |
P20 |
| -- |
COMPRA |
| -- |
.STAFF. Colección General |
| 999 ## - NÚMEROS DE CONTROL DE SISTEMA (KOHA) |
| -- |
DEWEY |
| -- |
FT02954 |
| -- |
2019-2-20 |
| -- |
1 |
| -- |
CCODEBUT1 |
| -- |
BUT |
| -- |
19.06 |
| -- |
0 |
| -- |
Y |
| -- |
BOOK |
| -- |
2015-9-22 |
| -- |
BIBLIOTECA |
| -- |
UNKNOWN |
| -- |
COMPRA |
| -- |
.STAFF. Colección General |
| 980 ## - EQUIVALENCIA O REFERENCIA-CRUZADA-MENCIÓN DE SERIE--NOMBRE DE PERSONA/TÍTULO [LOCAL, CANADÁ] |
| ID del último usuario que modificó el registro |
1 |
| Nombre del último usuario que modificó el registro |
ALBERTO SANCHEZ Responsable de Automatización |